[Event "AUTO-ADV-4921"]
[Site "http://www.queenalice.com/game.php?id=1869824"]
[Date "2026.2.26"]
[Round "1"]
[White "kuntakinte"]
[Black "SGF"]
[Result "1-0"]
[WhiteElo "1733"]
[BlackElo "1734"]

1. e4 e5 2. Nf3 Qf6 3. d3 d6 4. Bg5 Qg6 5. Nc3 Bg4 6. Be3 Be7 7. Nd5 Kd7 8. c4
c6 9. Nc3 h5 10. d4 a5 11. dxe5 Bxf3 12. gxf3 Na6 13. c5 d5 14. exd5 Kc7 15. d6+
Bxd6 16. cxd6+ Kd7 17. Bd3 Qg2 18. Bf5+ Kd8 19. Kd2 Ne7 20. dxe7+ Kxe7 21. Kc1
h4 22. Qd6+ Ke8 23. Bd7+ Kd8 24. Bxc6+ Kc8 25. Qd7+ Kb8 26. Qxb7# 1-0

[Event "AUTO-ADV-4921"]
[Site "http://www.queenalice.com/game.php?id=1869825"]
[Date "2026.2.26"]
[Round "1"]
[White "SGF"]
[Black "kuntakinte"]
[Result "0-1"]
[WhiteElo "1756"]
[BlackElo "1759"]

1. e4 e5 2. Qf3 Nf6 3. d3 c5 4. Be2 Qa5+ 5. Bd2 Qb6 6. b3 d6 7. Qg3 a5 8. a4 Nc6
9. Bc3 g6 10. h4 Bh6 11. h5 Bf4 12. Qf3 Bg4 13. Qxg4 Nxg4 14. Bxg4 Bg5 15. hxg6
fxg6 16. Nf3 Bf6 17. Nbd2 O-O 18. Nh4 Bg5 19. Be6+ Kg7 20. Nhf3 Bh6 21. Bd5 Bf4
22. Nc4 Qd8 23. Bxc6 bxc6 24. Nxa5 Rxa5 25. Bxa5 Qxa5+ 26. Ke2 Qc3 27. Ra2 Qb4
28. a5 Ra8 29. a6 Qb6 30. Rha1 Ra7 31. g3 Bh6 32. g4 g5 33. Ra3 Kg8 34. c4 Qd8
35. Rh1 Qf6 36. Ke3 Qf4+ 37. Ke2 Bg7 38. Rh5 Qc1 39. Ra2 Bf6 40. Rh6 Bg7 41.
Rxd6 Qc3 42. Nxg5 Qxb3 43. Rd8+ Bf8 44. Ra5 Qb6 45. Ne6 Qb2+ 46. Ke3 Qc1+ 47.
Kf3 Qd1+ 48. Kg3 Qg1+ 49. Kf3 Rf7+ 50. Ke2 Qxf2+ 51. Kd1 Qf3+ 52. Kc2 Qe2+ 53.
Kc3 Qe1+ 54. Kb3 Qb4+ 55. Kc2 Rf2+ 56. Kc1 Qe1# 0-1

[Event "AUTO-ADV-4923"]
[Site "http://www.queenalice.com/game.php?id=1870278"]
[Date "2026.3.9"]
[Round "1"]
[White "kuntakinte"]
[Black "Carlos19"]
[Result "0-1"]
[WhiteElo "1786"]
[BlackElo "1745"]

1. e4 e5 2. c3 Nf6 3. d3 Nc6 4. Nf3 Bc5 5. b4 Bd6 6. Bg5 h6 7. Bh4 b5 8. Be2 a5
9. bxa5 Rxa5 10. Nbd2 O-O 11. d4 exd4 12. c4 bxc4 13. Bxc4 Ba6 14. O-O Nb4 15.
Nxd4 Be5 16. N2b3 Bxc4 17. Qd2 Ra4 18. Rfc1 Bd3 19. f4 Bxd4+ 20. Nxd4 Qb8 21. a3
Bxe4 22. axb4 Rxa1 23. Rxa1 Qb6 24. Bxf6 Qxf6 25. Re1 d5 26. b5 Qb6 27. Kh1 f5
28. h3 Ra8 29. Rc1 Rc8 30. Nc6 Re8 31. Ra1 Qxb5 32. Nd4 Qd3 33. Qf2 Bxg2+ 34.
Qxg2 Qxd4 35. Rf1 Re4 36. Qg3 Qc4 37. Rg1 Re7 38. Qh4 Re2 39. Re1 Qe4+ 0-1

[Event "AUTO-ADV-4923"]
[Site "http://www.queenalice.com/game.php?id=1870279"]
[Date "2026.3.9"]
[Round "1"]
[White "Carlos19"]
[Black "kuntakinte"]
[Result "0-1"]
[WhiteElo "1727"]
[BlackElo "1740"]

1. e4 c6 2. Nf3 d6 3. c4 c5 4. d3 Qa5+ 5. Bd2 Qb6 6. Qb3 Nd7 7. Qxb6 Nxb6 8. Nc3
a6 9. e5 e6 10. exd6 Bxd6 11. O-O-O Nf6 12. h3 O-O 13. a3 Bd7 14. g4 Bc6 15. Bg2
e5 16. Bg5 e4 17. dxe4 Nxc4 18. Bxf6 Bf4+ 19. Kc2 gxf6 20. h4 Rfe8 21. Rhe1 Nd6
22. Nd5 Re6 23. Nc7 Bxe4+ 24. Kc3 Nb5+ 25. Kc4 Nxc7 26. Kxc5 b6+ 27. Kc4 b5+ 28.
Kc5 Rc6+ 29. Kb4 a5+ 30. Kb3 Bd5+ 31. Rxd5 Nxd5 32. Nd4 Rc5 33. Re4 a4+ 34. Ka2
b4 35. axb4 Nxb4+ 36. Ka3 Bd2 37. Re2 Nc2+ 38. Ka2 Rd8 39. Nf5 Ne1 40. f3 Rb5
41. Ne7+ Kg7 42. Nc6 Rd6 43. Ne7 Kf8 44. Nf5 Rd3 45. Ng3 Nxg2 46. Rxg2 Be3 47.
Nf5 Bd4 48. Nxd4 Rxd4 49. g5 fxg5 50. hxg5 Rf4 51. Rg3 Rfb4 52. Rg2 Rb3 53. f4
Rf5 54. Rf2 Kg7 55. Rf1 h5 56. Rf2 h4 57. Rc2 Rxf4 58. Rg2 h3 59. Rh2 Kg6 60.
Rc2 Kxg5 61. Rc5+ Kg4 62. Rc7 f5 63. Rg7+ Kf3 64. Rh7 Ke4 65. Re7+ Kf3 66. Rh7
Kf2 67. Rd7 h2 68. Rh7 Kg1 69. Rg7+ Kf1 70. Rh7 Rf2 71. Rh4 Rbxb2+ 72. Ka3 Ra2+
73. Kb4 Ra1 74. Ka5 a3 75. Kb4 Ke2 76. Rh3 h1=Q 77. Rxh1 Rxh1 78. Kxa3 Rd1 79.
Kb2 Rd3 0-1

[Event "AUTO-ADV-4923"]
[Site "http://www.queenalice.com/game.php?id=1870280"]
[Date "2026.3.9"]
[Round "1"]
[White "kuntakinte"]
[Black "mvson33"]
[Result "0-1"]
[WhiteElo "1736"]
[BlackElo "1830"]

1. e4 e5 2. c3 Nf6 3. d3 Be7 4. Nf3 Nc6 5. Nbd2 d6 6. Be2 O-O 7. O-O Bg4 8. h3
Bh5 9. b4 a6 10. d4 exd4 11. Nxd4 Bxe2 12. Qxe2 Nxd4 13. cxd4 Re8 14. d5 Nxd5
15. a3 Nf6 16. Bb2 Bf8 17. Qf3 Be7 18. Rad1 Qc8 19. Nc4 Qe6 20. Nd2 c6 21. Rde1
Qa2 22. Rb1 Qe6 23. Rbe1 Rad8 24. Re3 Qd7 25. Rd3 Qc7 26. Qg3 Kh8 27. e5 dxe5
28. Re1 Bd6 29. Nc4 Qb8 30. Qe3 Bc7 31. Rxd8 Rxd8 32. Bxe5 Bxe5 33. Nxe5 Kg8 34.
Qb3 Rf8 35. Re3 Nd5 36. Nd7 Qd8 37. Nxf8 Nxe3 38. fxe3 Kxf8 39. Qb1 g6 40. Qb2
Kg8 41. Qc3 Qe7 42. a4 Qh4 43. Kh1 Qf2 44. e4 Qf1+ 45. Kh2 Qf4+ 46. Kh1 Qf1+ 47.
Kh2 Qf4+ 48. Kh1 Qxe4 49. Qd2 Qe7 50. Qd4 f6 51. Kh2 Qe5+ 52. Qxe5 fxe5 53. Kg3
Kf7 54. Kf3 Ke6 55. Ke4 b6 56. h4 c5 0-1

[Event "AUTO-ADV-4923"]
[Site "http://www.queenalice.com/game.php?id=1870281"]
[Date "2026.3.9"]
[Round "1"]
[White "mvson33"]
[Black "kuntakinte"]
[Result "1-0"]
[WhiteElo "1879"]
[BlackElo "1756"]

1. e4 c6 2. d4 d5 3. exd5 Qxd5 4. Nf3 Nf6 5. Be2 e6 6. O-O Be7 7. Nc3 Qd6 8. Be3
O-O 9. Bd3 Nbd7 10. Qe2 a6 11. Rad1 c5 12. dxc5 Nxc5 13. Bxh7+ Nxh7 14. Rxd6
Bxd6 15. Rd1 Be7 16. Qc4 b6 17. Ne4 Nd7 18. Qd3 b5 19. Nc3 e5 20. Nd5 Bf6 21. c3
Rb8 22. Nxf6+ Nhxf6 23. Qd6 Re8 24. h3 e4 25. Nh2 Re6 26. Qd2 Bb7 27. Bf4 Rbe8
28. Ng4 Nc5 29. Be3 Rc8 30. Nxf6+ Rxf6 31. Bxc5 Rxc5 32. Qe3 Rcf5 33. Rd2 Rg6
34. Qa7 Bd5 35. Rxd5 Rxd5 36. Qa8+ Kh7 37. Qxd5 1-0

[Event "AUTO-ADV-4923"]
[Site "http://www.queenalice.com/game.php?id=1870282"]
[Date "2026.3.9"]
[Round "1"]
[White "kuntakinte"]
[Black "zubarev"]
[Result "0-1"]
[WhiteElo "1811"]
[BlackElo "1735"]

1. e4 e5 2. f3 Nf6 3. d3 Nc6 4. c3 d6 5. Be3 Be6 6. d4 exd4 7. cxd4 d5 8. e5 Nd7
9. Bb5 Nb6 10. Qc2 Bd7 11. a3 Be7 12. Ne2 O-O 13. Ng3 f6 14. e6 Be8 15. Nf5 a6
16. Bd3 g6 17. Nh6+ Kg7 18. Ng4 Rg8 19. Bh6+ Kh8 20. O-O Nxd4 21. Qc3 Nxe6 22.
Qc1 Ng7 23. Bf4 Ne6 24. Bg3 Bd7 25. Ne3 Nc5 26. Be2 Nb3 27. Qc3 Nxa1 28. Bxc7
Rc8 29. Bxd8 Rxc3 30. bxc3 Bxd8 31. Nd2 Re8 32. Rxa1 Rxe3 33. Re1 Rxc3 34. Nb1
Rc2 35. Bd3 Ra2 36. f4 Kg7 37. g3 Kf7 38. Re3 Na4 39. Bf1 Bb6 0-1

[Event "AUTO-ADV-4923"]
[Site "http://www.queenalice.com/game.php?id=1870283"]
[Date "2026.3.9"]
[Round "1"]
[White "zubarev"]
[Black "kuntakinte"]
[Result "0-1"]
[WhiteElo "1753"]
[BlackElo "1792"]

1. d4 c6 2. e4 d6 3. Nc3 b5 4. a3 Nf6 5. Nf3 Bg4 6. Be2 Bxf3 7. Bxf3 a6 8. O-O
e6 9. Be3 Be7 10. Qd3 Ra7 11. d5 Rd7 12. Rad1 c5 13. dxe6 fxe6 14. Bg5 O-O 15.
Rfe1 Qc7 16. Qe3 b4 17. Na4 e5 18. axb4 Qc6 19. b3 Rb7 20. bxc5 dxc5 21. h3 a5
22. Bxf6 Bxf6 23. Rd5 Rb5 24. Rxc5 Rxc5 25. Qxc5 Qe6 26. Qxa5 Nc6 27. Qd5 Nd8
28. Qxe6+ Nxe6 29. Rd1 Nd4 30. Bg4 Nxc2 31. Rc1 Nd4 32. f3 Ne2+ 33. Kf2 Nxc1 34.
Ke1 Nxb3 35. Be6+ Kh8 36. Bxb3 Be7 37. Ke2 Rb8 38. Bd5 Rb4 39. Nc3 Rb2+ 40. Kf1
Bb4 41. Nb5 Bc5 42. Nc7 Rf2+ 43. Ke1 Rxg2 44. Be6 Rg3 45. Ke2 Rg2+ 46. Kd3 Rf2
47. Kc4 Ba3 48. Kd5 Bb2 49. Bg4 h6 50. Nb5 g6 51. Nc7 Kg7 52. Ne6+ Kf6 53. Nc5
h5 54. Nd3 Rd2 55. Bc8 Rxd3+ 0-1

[Event "AUTO-ADV-4925"]
[Site "http://www.queenalice.com/game.php?id=1870662"]
[Date "2026.3.19"]
[Round "1"]
[White "kuntakinte"]
[Black "Capixabba789"]
[Result "0-1"]
[WhiteElo "1745"]
[BlackElo "1909"]

1. e4 e5 2. Nf3 d6 3. d3 Nf6 4. c3 c5 5. Be3 Be7 6. Qa4+ Nc6 7. Be2 Bd7 8. Qb3
O-O 9. O-O Ng4 10. d4 Nxe3 11. fxe3 exd4 12. cxd4 Na5 13. Qc3 Bf6 14. e5 cxd4
15. exd4 dxe5 16. dxe5 Be7 17. Rd1 Qb6+ 18. Kh1 Bc6 19. Nbd2 Rfd8 20. Rab1 Bb4
21. Qc2 Qf2 22. Bf1 Bxf3 23. gxf3 Bxd2 24. b3 Qxf3+ 25. Bg2 Qe3 26. Rb2 Bc3 27.
Rbb1 Rxd1+ 28. Rxd1 Bxe5 29. Qc1 Qxc1 30. Rxc1 Nc6 31. h4 h6 32. Rd1 Rd8 33. Rb1
Rd2 34. a3 Rb2 35. Rd1 Rxb3 36. Rd7 Rb1+ 37. Bf1 Rxf1+ 38. Kg2 Ra1 0-1

[Event "AUTO-ADV-4925"]
[Site "http://www.queenalice.com/game.php?id=1870663"]
[Date "2026.3.19"]
[Round "1"]
[White "Capixabba789"]
[Black "kuntakinte"]
[Result "1-0"]
[WhiteElo "1873"]
[BlackElo "1768"]

1. d4 d5 2. Nc3 c6 3. f4 e6 4. Nf3 Nd7 5. e3 Bb4 6. Bd2 Bd6 7. Bd3 Ngf6 8. O-O
O-O 9. Ne2 c5 10. dxc5 Nxc5 11. Ne5 Bxe5 12. fxe5 Ng4 13. Nf4 Nxe5 14. Be2 a6
15. Bc3 Ng6 16. Qd4 f6 17. Qxc5 b6 18. Qa3 Bb7 19. Nxe6 Qd7 20. Nxf8 Nxf8 21.
Qb4 Qe6 22. Bd4 Nd7 23. Bf3 a5 24. Qb3 Ba6 25. Bxd5 1-0

[Event "AUTO-ADV-4925"]
[Site "http://www.queenalice.com/game.php?id=1870664"]
[Date "2026.3.19"]
[Round "1"]
[White "kuntakinte"]
[Black "flanny"]
[Result "0-1"]
[WhiteElo "1786"]
[BlackElo "1689"]

1. e4 e5 2. Nf3 Nc6 3. d3 h6 4. d4 exd4 5. Nxd4 Nge7 6. c3 d5 7. Bb5 dxe4 8. O-O
Bd7 9. Bc4 Nxd4 10. cxd4 b5 11. Bd5 Nxd5 12. Re1 Bf5 13. Nd2 Bd6 14. Nxe4 O-O
15. Ng3 Bg6 16. Qb3 Bxg3 17. Qxg3 Re8 18. Bd2 Rxe1+ 19. Rxe1 Qf6 20. Re5 Rd8 21.
Qb3 c6 22. a4 Rb8 23. a5 Nf4 24. Bc3 Nd3 25. Re2 Nc1 26. Qd1 Nxe2+ 27. Qxe2 b4
28. Bd2 Qxd4 29. Be3 Qd7 30. h3 Re8 31. Qf3 Be4 32. Qg3 Qd1+ 33. Kh2 Qa1 34.
Bxh6 g6 35. Qf4 Qxb2 36. Qc7 Qd4 37. Be3 Qe5+ 38. Bf4 Qxc7 39. Bxc7 b3 0-1

[Event "AUTO-OPEN-4645"]
[Site "http://www.queenalice.com/game.php?id=1871128"]
[Date "2026.3.28"]
[Round "1"]
[White "zubarev"]
[Black "kuntakinte"]
[Result "1-0"]
[WhiteElo "1945"]
[BlackElo "1741"]

1. d4 d5 2. Nc3 c6 3. Nf3 e6 4. e3 a6 5. Bd3 Bb4 6. Bd2 Bd6 7. e4 dxe4 8. Nxe4
Nf6 9. O-O O-O 10. Bg5 h6 11. Nxf6+ gxf6 12. Bxh6 Re8 13. Nh4 f5 14. Qh5 Qf6 15.
Bg5 Qg7 16. Nf3 Nd7 17. Bh6 Nf6 18. Qh3 Qg6 19. Bg5 Nh7 20. Bd2 Kf8 21. Bc3 Ke7
22. Rae1 Kd8 23. Ne5 Bxe5 24. dxe5 Rh8 25. Qe3 Ke8 26. Qb6 Nf8 27. Ba5 f6 28.
Qd8+ Kf7 29. Bc7 Kg8 30. Bd6 Qf7 31. Re3 Rh6 32. Rg3+ Rg6 33. Rxg6+ Qxg6 34.
Qxf8+ Kh7 35. f4 Qg7 36. Qxf6 Bd7 37. Qh4+ Kg8 38. Rf3 Kf7 39. Qe7+ 1-0

[Event "AUTO-OPEN-4645"]
[Site "http://www.queenalice.com/game.php?id=1871129"]
[Date "2026.3.28"]
[Round "1"]
[White "kuntakinte"]
[Black "zubarev"]
[Result "0-1"]
[WhiteElo "1733"]
[BlackElo "1953"]

1. e4 e5 2. Nf3 Nc6 3. d3 Be7 4. c3 Nf6 5. h3 O-O 6. Be2 d6 7. O-O Be6 8. c4 Nd4
9. Be3 c5 10. Nbd2 Ne8 11. Nb3 f5 12. Nfxd4 cxd4 13. Bc1 f4 14. Bf3 Nf6 15. Bd2
b6 16. a4 Bf7 17. Bb4 Rc8 18. a5 Nd7 19. a6 Nc5 20. Bg4 Rc7 21. Bf3 Kh8 22. Qc2
Qe8 23. Bg4 Bh5 24. f3 Bxg4 25. fxg4 Qc8 26. Qd1 Nxa6 27. Qe1 Nxb4 28. Qxb4 d5
29. Qa4 dxc4 30. dxc4 Rxc4 31. Qb5 Bf6 32. Rxa7 d3 33. Nd2 Rc2 34. Rd1 Rxd2 35.
Rda1 Qc2 0-1

[Event "AUTO-OPEN-4645"]
[Site "http://www.queenalice.com/game.php?id=1871148"]
[Date "2026.3.28"]
[Round "1"]
[White "josebaron"]
[Black "kuntakinte"]
[Result "1-0"]
[WhiteElo "2207"]
[BlackElo "1736"]

1. e4 e5 2. Nf3 d6 3. Bc4 Be7 4. d4 Bg4 5. dxe5 dxe5 6. Qxd8+ Bxd8 7. Bxf7+ Kf8
8. Nxe5 Bc8 9. Bxg8 Rxg8 10. O-O Nd7 11. Nxd7+ Bxd7 12. Nc3 c6 13. Bf4 b5 14.
Rad1 Bg4 15. f3 Be6 16. Rd6 Bc4 17. Rfd1 Bb6+ 18. Kh1 Rc8 19. Rd7 Be6 20. Bd6+
Ke8 21. Re7+ Kf8 22. Rxe6+ Kf7 23. Re7+ Kg6 24. Bf4 h6 25. Rd6+ Kh5 26. Re5+ Kh4
27. g3+ 1-0

[Event "AUTO-OPEN-4645"]
[Site "http://www.queenalice.com/game.php?id=1871149"]
[Date "2026.3.28"]
[Round "1"]
[White "kuntakinte"]
[Black "josebaron"]
[Result "0-1"]
[WhiteElo "1734"]
[BlackElo "2208"]

1. e4 e5 2. c3 Nf6 3. d3 Bc5 4. Nf3 Nc6 5. b4 Be7 6. Be3 O-O 7. a3 d5 8. Nbd2
dxe4 9. Nxe4 Nxe4 10. dxe4 Bg4 11. Qe2 a6 12. Rd1 Bd6 13. h3 Bh5 14. c4 Qe7 15.
c5 Nd4 16. Bxd4 exd4 17. cxd6 cxd6 18. Rxd4 Rac8 19. Qd2 Bxf3 20. gxf3 Qf6 21.
Be2 Rc2 22. Qe3 Rfc8 23. Bd1 R8c3 24. Rd3 Rxd3 25. Qb6 Rc1 26. Ke2 Qxf3+ 0-1

[Event "AUTO-OPEN-4645"]
[Site "http://www.queenalice.com/game.php?id=1871160"]
[Date "2026.3.28"]
[Round "1"]
[White "kuntakinte"]
[Black "cerenzo72"]
[Result "0-1"]
[WhiteElo "1744"]
[BlackElo "2120"]

1. e4 e5 2. Nf3 d6 3. Be2 Nf6 4. d3 Be7 5. O-O O-O 6. Nc3 Nc6 7. Be3 b6 8. a3
Bb7 9. d4 exd4 10. Bxd4 Nxd4 11. Qxd4 c5 12. Qd3 Rc8 13. Qb5 a6 14. Qb3 Nxe4 15.
Nd5 b5 16. c4 Bxd5 17. cxd5 c4 18. Qc2 Nf6 19. Rad1 Rc5 20. Ng5 h6 21. Ne4 Rxd5
22. Bf3 Rxd1 23. Rxd1 Nxe4 24. Bxe4 Qd7 25. Bf5 Qc7 26. Be4 Bf6 27. Re1 Qc5 28.
Bb7 a5 29. Rb1 d5 30. b4 axb4 31. axb4 Qd6 32. Qd2 d4 33. Be4 d3 34. Qe3 d2 35.
Bf3 c3 36. Bd1 Bd4 37. Qe2 Qc6 38. h3 Re8 39. Qf3 Re1+ 40. Kh2 Be5+ 0-1

[Event "AUTO-OPEN-4645"]
[Site "http://www.queenalice.com/game.php?id=1871161"]
[Date "2026.3.28"]
[Round "1"]
[White "cerenzo72"]
[Black "kuntakinte"]
[Result "1-0"]
[WhiteElo "2121"]
[BlackElo "1742"]

1. c4 c5 2. Nf3 Nf6 3. Nc3 d6 4. e3 e6 5. Be2 Be7 6. d4 Nc6 7. O-O O-O 8. Qc2 e5
9. dxe5 dxe5 10. a3 a6 11. e4 Nd4 12. Nxd4 cxd4 13. Nd5 Be6 14. Bd3 b6 15. b4
Rc8 16. Bb2 b5 17. Nxe7+ Qxe7 18. c5 Bd7 19. f4 Ng4 20. Bc1 Bc6 21. f5 Nf6 22.
Bg5 h6 23. Bh4 g5 24. fxg6 fxg6 25. Rf2 g5 26. Bg3 Ng4 27. Rf5 Ne3 28. Qb3+ Kh7
29. Rxe5 Qf7 30. Qb2 Ng4 31. Rf5 Qb7 32. Rxf8 Rxf8 33. Qxd4 Kg8 34. Rf1 Re8 35.
h3 Bxe4 36. Bxe4 Rxe4 37. Qd8+ Kg7 38. hxg4 Re6 39. Qf8+ Kg6 40. Qg8+ Qg7 41.
Qxe6+ 1-0

[Event "AUTO-ADV-4931"]
[Site "http://www.queenalice.com/game.php?id=1872144"]
[Date "2026.4.17"]
[Round "1"]
[White "kuntakinte"]
[Black "Carlos19"]
[Result "1-0"]
[WhiteElo "1755"]
[BlackElo "1787"]

1. e4 e5 2. Nf3 Nc6 3. d3 Bc5 4. Nc3 Nf6 5. Bg5 h6 6. Bh4 g5 7. Bg3 Ng4 8. h3
Nxf2 9. Bxf2 Bxf2+ 10. Kxf2 Qf6 11. Nd5 Qd6 12. Ke1 Qb4+ 13. Nxb4 1-0

[Event "AUTO-INT-3960"]
[Site "http://www.queenalice.com/game.php?id=1872326"]
[Date "2026.4.23"]
[Round "2"]
[White "ajr"]
[Black "kuntakinte"]
[Result "0-1"]
[WhiteElo "1686"]
[BlackElo "1772"]

1. d4 d5 2. Nc3 c6 3. Bf4 e6 4. Bxb8 Rxb8 5. a3 b5 6. Nf3 a6 7. e3 c5 8. Ne5 Bb7
9. dxc5 Bxc5 10. Bd3 d4 11. exd4 Bxd4 12. Nf3 Qb6 13. Nxd4 Bxg2 0-1